Normal view
MARC view
Entry Topical Term
001 - CONTROL NUMBER
- control field: 12935
003 - CONTROL NUMBER IDENTIFIER
- control field: BD-RjUL
005 - DATE AND TIME OF LATEST TRANSACTION
- control field: 20240509121440.0
008 - FIXED-LENGTH DATA ELEMENTS
- fixed length control field: 240509|| aca||aabn | a|a d
040 ## - CATALOGING SOURCE
- Original cataloging agency: BD-RjUL
- Transcribing agency: BD-RjUL
150 ## - HEADING--TOPICAL TERM
- Topical term or geographic name entry element: Tavels
- Geographic subdivision: Rome, Misr ,Sham
670 ## - SOURCE DATA FOUND
- Source citation: Work cat.: (BD-RjUL)83703: شبلی نعمانی ;; Shibli Numani 12934, سفر نامہ روم و مصر و شام ;; A travelogue of Rome and Misr o sham /